[Event "IND-ch U19 Girls"]
[Site "Ahmedabad"]
[Date "2023.09.23"]
[Round "5"]
[White "Khairmode, Dhanashree"]
[Black "Kheerthi, Ganta"]
[Result "1/2-1/2"]
[WhiteElo "1616"]
[BlackElo "2148"]
[PlyCount "61"]
[EventDate "2023.09.20"]
[EventType "swiss"]
[EventRounds "11"]
[EventCountry "IND"]
[SourceTitle "EXT 2024"]
[Source "ChessBase"]
[SourceDate "2023.10.10"]
[SourceVersion "1"]
[SourceVersionDate "2023.10.10"]
[SourceQuality "1"]

1. e4 e5 2. Nc3 Nf6 3. g3 d5 4. exd5 Nxd5 5. Bg2 Nxc3 6. bxc3 Bd6 7. Nf3 0-0 8. 0-0 Bg4 9. h3 Bh5 10. d3 Nd7 11. Rb1 c6 12. c4 Rb8 13. Re1 Re8 14. Qd2 Bc7 15. Bb2 Ba5 16. Bc3 Bxc3 17. Qxc3 Bxf3 18. Bxf3 Qc7 19. Re2 f6 20. h4 b6 21. Rbe1 Red8 22. h5 Nc5 23. h6 Ne6 24. hxg7 Nd4 25. Re3 Rd7 26. Qd2 Rxg7 27. c3 Nf5 28. Re4 Rd8 29. Rg4 Qd6 30. Rxg7+ Nxg7 31. Rd1 1/2-1/2

[Event "Pozarevac Rudar 16th"]
[Site "Pozarevac"]
[Date "2023.08.14"]
[Round "4"]
[White "Kheerthi, Ganta"]
[Black "Stankovic, Boris"]
[Result "1/2-1/2"]
[WhiteElo "2172"]
[BlackElo "2241"]
[PlyCount "92"]
[EventDate "2023.08.11"]
[EventType "tourn"]
[EventRounds "9"]
[EventCountry "SRB"]
[EventCategory "1"]
[SourceTitle "EXT 2024"]
[Source "ChessBase"]
[SourceDate "2023.10.10"]
[SourceVersion "1"]
[SourceVersionDate "2023.10.10"]
[SourceQuality "1"]

1. d4 Nf6 2. c4 g6 3. Nc3 Bg7 4. e4 d6 5. Be2 0-0 6. Nf3 Nbd7 7. 0-0 e5 8. Be3 Qe7 9. Qc2 c6 10. Rad1 h6 11. d5 c5 12. h3 Nh7 13. Qc1 f5 14. Bxh6 f4 15. Bxg7 Kxg7 16. Rd3 Ndf6 17. Re1 Rh8 18. Kf1 Bd7 19. Bd1 Kf7 20. Ke2 g5 21. Nh2 g4 22. Nxg4 Nxg4 23. hxg4 Qh4 24. g3 Qh2 25. gxf4 Bxg4+ 26. Kd2 Qxf2+ 27. Be2 Qxf4+ 28. Kc2 Qxc1+ 29. Kxc1 Bd7 30. Rf1+ Ke7 31. Rg3 Rag8 32. Rxg8 Rxg8 33. Rh1 Ng5 34. Rg1 Kf6 35. Rf1+ Kg6 36. Kd2 Rh8 37. Rf2 Nh3 38. Rg2+ Kf6 39. Rh2 Rg8 40. Bf1 Nf4 41. Rh7 Rg7 42. Rxg7 Kxg7 43. a3 Kf6 44. Ke3 Ng6 45. Be2 Ne7 46. Bd1 Nc8 1/2-1/2

[Event "Pozarevac Rudar 16th"]
[Site "Pozarevac"]
[Date "2023.08.13"]
[Round "3"]
[White "Rajkovic, Aleksandar"]
[Black "Kheerthi, Ganta"]
[Result "1/2-1/2"]
[WhiteElo "2163"]
[BlackElo "2172"]
[PlyCount "113"]
[EventDate "2023.08.11"]
[EventType "tourn"]
[EventRounds "9"]
[EventCountry "SRB"]
[EventCategory "1"]
[SourceTitle "EXT 2024"]
[Source "ChessBase"]
[SourceDate "2023.10.10"]
[SourceVersion "1"]
[SourceVersionDate "2023.10.10"]
[SourceQuality "1"]

1. e4 c6 2. d4 d5 3. Nc3 dxe4 4. Nxe4 Nf6 5. Nxf6+ exf6 6. Bc4 Bd6 7. Qe2+ Be7 8. Be3 0-0 9. 0-0-0 b5 10. Bb3 a5 11. c3 a4 12. Bc2 Qd5 13. Bf4 Be6 14. a3 Nd7 15. Qe4 g6 16. Qxd5 Bxd5 17. f3 Nb6 18. Kb1 f5 19. Nh3 Rfe8 20. Rhe1 Bh4 21. Rxe8+ Rxe8 22. Ng1 Re6 23. g3 Bd8 24. Bd2 Nc4 25. Kc1 Bb6 26. Bf4 f6 27. h4 Re8 28. Bd3 Bd8 29. Bxc4 Bxc4 30. Kd2 Kf7 31. Re1 Rxe1 32. Kxe1 g5 33. Bd2 Kg6 34. Nh3 Kh5 35. Kf2 h6 36. Bc1 Bc7 37. Bd2 Kg6 38. Bc1 Bd5 39. Bd2 Bxf3 40. Kxf3 g4+ 41. Kg2 gxh3+ 42. Kxh3 f4 43. Bxf4 Bxf4 44. gxf4 Kf5 45. Kg3 Ke4 46. Kg4 f5+ 47. Kh5 Kxf4 48. Kxh6 Ke4 49. Kg7 f4 50. h5 f3 51. h6 f2 52. h7 f1Q 53. h8Q Qg2+ 54. Kf7 Qxb2 55. Qh1+ Ke3 56. Qxc6 Qxa3 57. d5 1/2-1/2

[Event "Paracin op 16th"]
[Site "Paracin"]
[Date "2023.07.08"]
[Round "2"]
[White "Wu, Yang"]
[Black "Kheerthi, Ganta"]
[Result "1-0"]
[WhiteElo "2208"]
[BlackElo "2028"]
[PlyCount "79"]
[EventDate "2023.07.07"]
[EventType "swiss"]
[EventRounds "9"]
[EventCountry "SRB"]
[SourceTitle "EXT 2024"]
[Source "ChessBase"]
[SourceDate "2023.10.10"]
[SourceVersion "1"]
[SourceVersionDate "2023.10.10"]
[SourceQuality "1"]

1. g3 d5 2. Bg2 c6 3. f4 Nf6 4. Nf3 Bg4 5. 0-0 Nbd7 6. d3 Qc7 7. Qe1 e5 8. e4 dxe4 9. dxe4 Bc5+ 10. Kh1 exf4 11. gxf4 0-0-0 12. b4 Be7 13. a3 Rhe8 14. Ng5 Bh5 15. Nc3 h6 16. Nh3 Ng4 17. Qg3 f5 18. e5 Nf8 19. Nf2 Nxf2+ 20. Qxf2 Kb8 21. Be3 b6 22. b5 c5 23. a4 Ne6 24. a5 bxa5 25. Nd5 Rxd5 26. Bxd5 Qb6 27. Bd2 Qd8 28. Bxe6 Bh4 29. Qxc5 Rxe6 30. Be3 Qd7 31. c4 Be2 32. Bf2 Bxf1 33. Qd5 Qc8 34. Bxa7+ Kc7 35. b6+ Rxb6 36. Bxb6+ Kxb6 37. Rb1+ Ka6 38. Qb5+ Ka7 39. Qb6+ Ka8 40. Qxa5+ 1-0

[Event "Veliko Gradiste Silver Lake op-A"]
[Site "Veliko Gradiste"]
[Date "2023.06.22"]
[Round "6"]
[White "Kheerthi, Ganta"]
[Black "Pogorelskikh, Sofia"]
[Result "0-1"]
[WhiteElo "1989"]
[BlackElo "2226"]
[PlyCount "84"]
[EventDate "2023.06.18"]
[EventType "swiss"]
[EventRounds "9"]
[EventCountry "SRB"]
[SourceTitle "CBM 215 Extra"]
[Source "ChessBase"]
[SourceDate "2023.09.30"]
[SourceVersion "1"]
[SourceVersionDate "2023.09.30"]
[SourceQuality "1"]

1. d4 Nf6 2. c4 e6 3. Nc3 Bb4 4. Qc2 0-0 5. e4 d5 6. e5 Ne4 7. Bd3 c5 8. Nge2 Nc6 9. cxd5 exd5 10. dxc5 Nxe5 11. 0-0 Nxd3 12. Qxd3 Nxc3 13. Nxc3 d4 14. Na4 Bd7 15. a3 Ba5 16. b4 Bc7 17. Nb2 Re8 18. Nc4 Bc6 19. Bb2 Be4 20. Qxd4 Qxd4 21. Bxd4 Bd3 22. Rfc1 Re4 23. Nb6 axb6 24. cxb6 Bf4 25. Be3 Rxe3 26. fxe3 Bxe3+ 27. Kh1 Bxc1 28. Rxc1 g6 29. Rc3 Be4 30. Kg1 Ra6 31. g4 Rxb6 32. g5 Rd6 33. h4 Kg7 34. Rc4 Bc6 35. Rc5 Rd5 36. Rc3 Rd4 37. Rc5 Rxh4 38. b5 Be4 39. a4 Bd3 40. a5 Rb4 41. b6 Ba6 42. Kf2 Rb5 0-1

[Event "Veliko Gradiste Silver Lake op-A"]
[Site "Veliko Gradiste"]
[Date "2023.06.20"]
[Round "4"]
[White "Kheerthi, Ganta"]
[Black "Jaiveer, Mahendru"]
[Result "1-0"]
[WhiteElo "1989"]
[BlackElo "1636"]
[PlyCount "93"]
[EventDate "2023.06.18"]
[EventType "swiss"]
[EventRounds "9"]
[EventCountry "SRB"]
[SourceTitle "CBM 215 Extra"]
[Source "ChessBase"]
[SourceDate "2023.09.30"]
[SourceVersion "1"]
[SourceVersionDate "2023.09.30"]
[SourceQuality "1"]

1. d4 Nf6 2. c4 b6 3. Nc3 Bb7 4. Qc2 d5 5. cxd5 Nxd5 6. Nf3 e6 7. e4 Nxc3 8. bxc3 Be7 9. Bd3 c5 10. Bb5+ Bc6 11. Bd3 Bb7 12. 0-0 cxd4 13. cxd4 0-0 14. Bb2 h6 15. Rac1 Nc6 16. Qa4 Nb4 17. Bb1 a6 18. Ne5 Bd6 19. Rfd1 b5 20. Qb3 Qe7 21. Nf3 f5 22. e5 Bb8 23. Ba3 a5 24. Rc5 Qe8 25. Bxb4 axb4 26. Qxb4 Qg6 27. Qb3 Ba7 28. Rxb5 Bd5 29. Qe3 Rfc8 30. h3 Rc4 31. Ra5 Kh7 32. Qa3 Bc5 33. Rxa8 Bxa3 34. Rxa3 Ra4 35. Re3 Rb4 36. Kh2 Rb2 37. Rf1 Bc4 38. Bd3 Bxa2 39. g4 Qe8 40. gxf5 exf5 41. Bxf5+ g6 42. Bd3 Bd5 43. Nh4 Qf8 44. Bxg6+ Kg7 45. Bf5 Qe7 46. Rg1+ Kf7 47. e6+ 1-0

[Event "IND-ch U15 Girls 38th"]
[Site "New Delhi"]
[Date "2022.12.03"]
[Round "9"]
[White "Kheerthi, Ganta"]
[Black "Sachi, Jain"]
[Result "1-0"]
[WhiteElo "1675"]
[BlackElo "1581"]
[PlyCount "115"]
[EventDate "2022.11.28"]
[EventType "swiss"]
[EventRounds "11"]
[EventCountry "IND"]
[SourceTitle "CBM 211 Extra"]
[Source "ChessBase"]
[SourceDate "2023.01.31"]
[SourceVersion "1"]
[SourceVersionDate "2023.01.31"]
[SourceQuality "1"]

1. d4 d5 2. c4 e6 3. Nc3 Nf6 4. cxd5 exd5 5. Bg5 Be7 6. e3 c6 7. Bd3 0-0 8. Qc2 Nbd7 9. Nge2 Re8 10. 0-0 Nf8 11. Rab1 Bd7 12. b4 h6 13. Bh4 Nh5 14. Bxe7 Qxe7 15. b5 Nf6 16. bxc6 bxc6 17. Na4 Ne6 18. Ng3 Rec8 19. Rfc1 g6 20. Ba6 Rc7 21. Qc3 h5 22. Qb4 Qxb4 23. Rxb4 h4 24. Nf1 Ne4 25. Nc5 N4xc5 26. dxc5 g5 27. Nd2 Bc8 28. Be2 Rb7 29. Rxb7 Bxb7 30. Bg4 Ba6 31. Bxe6 fxe6 32. Nf3 g4 33. Nd4 Bb5 34. Nxe6 Kf7 35. Nd4 a6 36. Ra1 Rb8 37. Rb1 Rc8 38. Nf5 Rh8 39. f3 gxf3 40. gxf3 Kf6 41. Nd4 Ke5 42. Kf2 Rg8 43. Rg1 Rxg1 44. Kxg1 Ba4 45. Kg2 Kf6 46. Kh3 Kg5 47. a3 a5 48. f4+ Kh5 49. Nf3 Bc2 50. Nxh4 Be4 51. Kg3 a4 52. Nf3 Bg6 53. Nd4 Be8 54. f5 Kg5 55. h4+ Kf6 56. Kf4 Bd7 57. h5 Be8 58. h6 1-0

[Event "IND-ch U18 Girls"]
[Site "Pollachi"]
[Date "2022.04.18"]
[Round "1"]
[White "Kheerthi, Ganta"]
[Black "Nafeena, Sameer"]
[Result "1-0"]
[WhiteElo "1909"]
[BlackElo "1184"]
[PlyCount "67"]
[EventDate "2022.04.18"]
[EventType "swiss"]
[EventRounds "11"]
[EventCountry "IND"]
[SourceTitle "CBM 208 Extra"]
[Source "ChessBase"]
[SourceDate "2022.07.31"]
[SourceVersion "1"]
[SourceVersionDate "2022.07.31"]
[SourceQuality "1"]

1. d4 d5 2. c4 c6 3. Nf3 Bf5 4. cxd5 cxd5 5. Nc3 e6 6. e3 a6 7. Ne5 Bd6 8. Qa4+ Nd7 9. Nxd7 Qxd7 10. Bb5 axb5 11. Qxa8+ Ke7 12. a4 Bb4 13. Bd2 Bd3 14. axb5 Bxb5 15. Nxb5 Bxd2+ 16. Kxd2 Qxb5 17. Qa3+ Kd7 18. Rhc1 Nf6 19. f3 Ne8 20. Rc5 Qb6 21. Rac1 Nd6 22. b3 Rc8 23. Qa4+ Kd8 24. Rxc8+ Nxc8 25. Qa8 Qb4+ 26. Rc3 Ke7 27. Qxc8 f6 28. Kc2 Kf7 29. Rc7+ Kg6 30. Qxe6 Qe1 31. Qg4+ Kh6 32. Qxg7+ Kh5 33. Qxh7+ Kg5 34. Rg7# 1-0